000 00981nam a2200277 i 4500
001 8989
003 ES-MaACL
005 20250728030658.0
007 t|
008 930127s1990 sp ||||1| spa d
020 _a84-86314-59-3
080 _a396(46)"04/12"
080 _a396:86"04/12"
100 1 _aMarimón Llorca, Carmen
_976733
245 1 0 _aProsistas castellanas medievales /
_cCarmen Marimón Llorca.
260 _aAlicante :
_bCaja de Ahorros Provincial,
_c1990.
300 _a170 p. ;
_c21 cm.
490 1 _aPublicaciones de la Caja de Ahorros Provincial de Alicante ;
_v153
504 _aBibliografía: p. 153-170.
650 1 4 _aMujeres-
_zEspaña-
_yS.V-XV.
_9168143
650 4 _aProsa española-
_yHasta S.XV-
_xHistoria y crítica.
_9168144
710 2 _aCaja de Ahorros Provincial de Alicante.
_92280
830 0 0 _aPublicaciones de la Caja de Ahorros Provincial de Alicante
_v153
_9186986
852 _aES-MaACL
_jL-16512
999 _c8989
_d8989